Book of models (Record no. 12245)
[ view plain ]
| 000 -LEADER | |
|---|---|
| fixed length control field | 00376 a2200121 4500 |
| 008 - FIXED-LENGTH DATA ELEMENTS--GENERAL INFORMATION | |
| fixed length control field | 231109b ||||| |||| 00| 0 eng d |
| 082 ## - DEWEY DECIMAL CLASSIFICATION NUMBER | |
| Classification number | 720.22 |
| 100 ## - MAIN ENTRY--PERSONAL NAME | |
| Personal name | Manuel Aires Mateus; |
| 245 ## - TITLE STATEMENT | |
| Title | Book of models |
| 700 ## - ADDED ENTRY--PERSONAL NAME | |
| Personal name | Francisco Aires Mateus |
| 700 ## - ADDED ENTRY--PERSONAL NAME | |
| Personal name | Camilla De Camilli (Editor) , Marco Cappelletti (Photographer), Aires Mateus & Associados (Architect) |
| 942 ## - ADDED ENTRY ELEMENTS (KOHA) | |
| Source of classification or shelving scheme | |
| Withdrawn status | Lost status | Source of classification or shelving scheme | Damaged status | Koha normalized classification for sorting | Not for loan | Permanent location | Current location | Date acquired | Source of acquisition | Cost, normal purchase price | Full call number | Barcode | Date last seen | Cost, replacement price | Price effective from | Koha item type |
|---|---|---|---|---|---|---|---|---|---|---|---|---|---|---|---|---|
| 720_220000000000000 | BMS College of Architecture, Design and Planning | BMS College of Architecture, Design and Planning | 2023-12-23 | 10 | 3128.16 | 720.22 | AR-UG3320 | 2023-12-23 | 4468.80 | 2023-12-23 | UG Books |